LEADER 01080nam a2200265 i 4500 001 000000061970 003 CaOOAMICUS 005 20190604173245.0 008 091123s1967 it u000 u ita u 013 $a33142 040 $aSeMil$bita 100 1 $aDuocastella, Rogelio.$0(OLS)http://semarc/name/31468 245 10$aCome studiare una parrocchia /$cRogelio Duocastella./ ; ed. italiana a cura di Gaetano Bonicelli. 260 $aRoma :$bAVE,$ccopyr. 1967. 300 $a280 p. ;$c20 cm. 490 0 $aPastorale [AVE] ;$v11 650 4$aParrocchia - Pastorale.$0(OLS)http://semarc/subject/6205 700 1 $aBonicelli, Gaetano,$c.$0(OLS)http://semarc/name/4636 830 0$aPastorale ;$v11.$0(OLS)http://semarc/title/423448 850 $aSeMil 852 $aSeMil$W1$xVenegono$y1$m2F I 245$j28123$B28123$CSeMilBibl$Z2$F28126 $81 961 $aOmaggio: Oggioni don Costantino 996 $6245$aCome studiare una parrocchia$9(OLS)http://semarc/title/97498 996 $6260$aRoma :$bAVE$9(OLS)http://semarc/publisher/30251 LEADER 01432nam a2200301 i 4500 001 000000118414 003 CaOOAMICUS 005 20030929000000.0 008 030929s2003 it u000 u ita u 013 $a91107 020 $a88-263-1347-4 020 $a88-311-9278-7 040 $aSeMil$bita 240 12$aL'Âge de raison (1620/30-1750).$0(OLS)http://semarc/title/173951 245 12$aL'età della ragione (1620/30-1750) /$ca cura di Marc Venard ; edizione italiana a cura di Paola Vismara ; con la collaborazione di Viviane Barrie. 300 $a1085 p. 500 $aContiene : Cronologia ; Bibliografia generale. 650 4$aCristianesimo - Storia - Età Moderna.$0(OLS)http://semarc/subject/5958 700 1 $aVenard, Marc <1929-2014>.$0(OLS)http://semarc/name/25955 700 1 $aVismara Chiappa, Paola <1947-2015>.$0(OLS)http://semarc/name/90318 700 1 $aBarrie-Curien, Viviane.$0(OLS)http://semarc/name/43716 773 0 $tStoria del cristianesimo. Religione-Politica-Cultura.$dRoma : Borla : Città Nuova, 1998-2005.$gVolume9$w()5661 850 $aSeMil 852 $aSeMil$W1$xVenegono$y1$mSL1.F V 9$j73722$B73722$CSeMilBibl$Z2$F76428 $8I 961 $aAcquisto: Àncora (Libreria) 996 $6020$a88-263-1347-4$9(OLS)http://semarc/number/103045 996 $6020$a88-311-9278-7$9(OLS)http://semarc/number/103046 996 $6245$aL'età della ragione (1620/30-1750)$9(OLS)http://semarc/title/173950